Responses for Show #2727 - Tuesday, June 11, 1996

Missing third-place prize.

Contestants

[<< previous game]

Barb Cornell, a registered nurse from Eugene, Oregon

Cash Tilton, a marketing writer originally from Rockwall, Texas

Bob Hunt, a trade commissioner originally from San Francisco, California (whose 2-day cash winnings total $33,200)

[next game >>]

Jeopardy! Round responses

THE 1910s
SIMIAN CINEMA
INVENTORS
GEMS
STATE MOTTOES
SEA____
(Alex: First part of the word is "sea"; you have to come up with the second part.)
    $100 1
(Henry) Ford

Barb
    $100 2
King Kong

Bob
    $100 16
glider

Barb
    $100 7
J.P. Morgan

Cash
    $100 26
Rhode Island

Barb
    $100 21
by the seashore

Cash
    $200 8
Greece

Bob
    $200 3
Congo

Barb
    $200 17
(Johannes) Gutenberg

Cash
    $200 12
pearl

Barb
    $200 27
Arkansas

Cash
    $200 22
sea level

Cash
    $300 9
Japan

Bob
    $300 4
The Wizard of Oz

Barb
    $300 18
holes

Bob
    $300 13
fire opals

Cash
    $300 28
possible

Cash
    $300 23
(Bob: What's a seahorse?)

the seasick sea serpent

BobBarb
    $400 10
(Franz) Ferdinand

Barb
    $400 5
Dian Fossey

Barb
    $400 19
(Barb: Who was Eastman?)

(Edwin) Land

BobBarb
    $400 14
emeralds

Cash
    $400 29
(Barb: What is the sun?)

star

Barb
Triple Stumper
    $400 24
seaweed

Cash
    $500 11
the Virgin Islands

Barb
    $500 6
Mighty Joe Young

Barb
    $500 20
(Elisha) Otis

Barb
    $500 15
garnet

Triple Stumper
    $500 30
breathe

Bob
    $500 25
sea nymphs

Cash

Scores at the first commercial break (after clue 11):

Bob Cash Barb
$600 $100 $2,400

Scores at the end of the Jeopardy! Round:

Bob Cash Barb
$1,500 $2,700 $2,800

Double Jeopardy! Round responses

DISASTERS
WOMEN AUTHORS
WORLD GEOGRAPHY
GANGSTERS
RUSSIAN HISTORY
BROADWAY LYRICS
    $200 1
Joyce Carol Oates

Bob
    $200 21
Lima

Barb
    $200 12
"Pretty Boy"

Bob
    $200 6
Red Square

Barb
    $200 7
the corn

Bob
    $400 2
Carl Bernstein

Bob
    $400 22
(Barb: What is the Danube?)
(Cash: What is the Ganges?)

the Volga

CashBarb
Triple Stumper
    $400 13
P.T. Barnum

Bob
    $400 8
Alaska

Cash
    $400 16
a Smile

Barb
    $600 26
(Cash: What is Three Mile Island?)

Chernobyl

CashBarb
    $600 3
Barbara Cartland

Barb
    $600 23
(Bob: What is the Indian Ocean?)

Arabian Sea

BobCash
    $600 14
(Alex: Meyer Lansky was the other.)

Bugsy Siegel

Bob
    $600 9
serfs

Bob
    $600 17
Glocca Morra

Bob
    $800 27
FEMA

Barb
    $800 4
Gloria Steinem

Bob
    $800 24
(Alex: We have a minute to go.)

Guinea-Bissau

Cash
    $800 15
(Cash: What was The Great Train Robbery?)

the Brinks Robbery

CashBarb
    $800 10
(Constantin) Stanislavski

Bob
    $800 19
edelweiss

Barb
    $1000 28
[The end-of-round signal sounds.]

Lockerbie

Barb
    $1000 5
Lillian Hellman

Bob
    $2,000 25
the Mekong

Cash
    $1000 18
Cuba

Barb
    $1,500 11
Poland

Bob
    $1000 20
"What Kind of Fool Am I?"

Cash

Scores at the end of the Double Jeopardy! Round:

Bob Cash Barb
$8,200 $5,700 $8,800

[wagering suggestions for these scores]

Final Jeopardy! Round responses

ADVENTURERS
(Alex: He was the first person to fly over what would be named Angel Falls.)
CashWho was Lindbergh?
$5,100
BobWho was [Wiley P] Richard Halliburton
$8,200
BarbWho is Amelia Earhartt
$7,601
Jim Angel

Final scores:

Bob Cash Barb
$0 $600 $1,199
3rd place: unknown 2nd place: Bassett furniture set New champion: $1,199

Game dynamics:

Coryat scores:

Bob Cash Barb
$7,700 $4,700 $8,800
18 R
(including 1 DD),
2 W
15 R
(including 1 DD),
3 W
22 R
(including 1 DD),
3 W

Combined Coryat: $21,200

[game clues] [game scores] [suggest correction]

Game tape date: 1996-02-06
The J! Archive is created by fans, for fans. Scraping, republication, monetization, and malicious use prohibited; this site may use cookies and collect identifying information. See terms. The Jeopardy! game show and all elements thereof, including but not limited to copyright and trademark thereto, are the property of Jeopardy Productions, Inc. and are protected under law. This website is not affiliated with, sponsored by, or operated by Jeopardy Productions, Inc. Join the discussion at JBoard.tv.